Poradca podnikateľa 5/92 Colná úprava zahranično-obchodnej činnosti. Cestovné náhrady - zákon. Verejná obchodná spoločnosť. Roč. 3

Gespeichert in:
Bibliographische Detailangaben
Format: Buch
Sprache:Slowakisch
Veröffentlicht: Žilina Poradca podnikateľa 1992
Ausgabe:1. vyd.
Schlagworte:
Tags: Tag hinzufügen
Keine Tags, Fügen Sie das erste Tag hinzu!

MARC

LEADER 00000nam a2200000 4500
001 c000885
005 20221214090338.3
041 0 |a slo 
044 |a SK 
245 1 0 |a Poradca podnikateľa 5/92  |b Colná úprava zahranično-obchodnej činnosti. Cestovné náhrady - zákon. Verejná obchodná spoločnosť. Roč. 3 
250 |a 1. vyd. 
264 1 |a Žilina  |b Poradca podnikateľa  |c 1992 
300 |a 144 s. 
610 2 0 |a podnikanie 
610 2 0 |a podnik súkromný 
610 2 0 |a clá 
610 2 0 |a obchod zahraničný 
610 2 0 |a spoločnosti obchodné 
610 2 0 |a náhrada výdavkov 
610 2 0 |a cesty pracovné 
610 2 0 |a normy právne 
610 2 0 |a zákony 
610 2 0 |a vyhlášky 
610 2 0 |a ČSFR 
610 2 0 |a kapitál zahraničný 
610 2 0 |a dane